00705nam a2200169 i 450000100060000000300090000600500170001500700030003200800410003510000450007624501370012126000330025830000490029150001430034061000270048385200250051088572ES-MaACL20251003063114.0t|050105s1913 sp af |||| | spa d1 aLampérez y Romea, Vicente, d1861-192313aLa Torre-Nueva de Zaragoza b: conferencia publicada en la revista "Arte aragonés", Zaragoza, 1913 / cVicente Lampérez y Romea. aZaragoza : b[s.n.], c1913. a[16] p., [1] h. de lám. : bil. ; c24 cm. aConferencia dada en el Ateneo de esta ciudad, para conmemorar el IV Centenario de la construcción del monumento, el 19 de abril de 1913.24aTorre Nueva (Zaragoza) aES-MaACLjT-1398-F-4